| 000 | 00642nam a2200217 a 4500 | ||
|---|---|---|---|
| 005 | 20210219153400.0 | ||
| 008 | 991125n 000 0 eng u | ||
| 035 | _aUPN01000095403 | ||
| 100 | _aArmsworth, Mary W. | ||
| 222 |
_aCHILD ABUSE AND NEGLECT : _bTHE INTERNATIONAL JOURNAL |
||
| 245 | _aA qualitative analysis of adult incest survivors' responses to sexual involvement with therapists | ||
| 300 | _a541-554 | ||
| 362 | _a1990 14, no. 4 | ||
| 505 | _aAgosto 1991 | ||
| 653 | 0 | _aABUSO SEXUAL | |
| 653 | 0 | _aAUTOCONCEPTO | |
| 653 | 0 | _aINCESTO | |
| 653 | 0 | _aTRASTORNOS EMOCIONALES | |
| 904 |
_aAC _b033214 |
||
| 905 | _aArticulo | ||
| 999 |
_c75490 _d75490 |
||